000 00381nam a2200157 4500
003 CO-ViMGA
020 _a9789974697485
040 _aCO-ViMGA
_bspa
_cCO-ViMGA
090 _aA
_bDULm
100 1 _aDulfano, Carla
_9780
245 1 0 _aMarcelino duerme solo
_cCarla Dulfano
300 _a12 p.
_bil.
490 _aYa soy grande!
650 1 4 _aCuentos infantiles
_9487
942 _2ddc
_cBK
999 _c12137
_d12137